Guia de les Nacions Unides / ONU, Departament d'Informació al Públic ; traducció d'Helena Cots i Webermann
Descripción Física:
203 p. ; 21 cm
Otros Autores:
Cots Webermann, Helena, tr
Materias:
Nacions Unides
MARC
| LEADER | 00000nam a2200000Ia 4500 | ||
|---|---|---|---|
| 001 | 6663 | ||
| 008 | 160829s1987 xx 000 0 cat d | ||
| 080 | |a M-3-285 | ||
| 100 | |a Nacions Unides. Departament d'Informació al Públic |9 27499 | ||
| 245 | |a Guia de les Nacions Unides / ONU, Departament d'Informació al Públic ; traducció d'Helena Cots i Webermann | ||
| 260 | |a Barcelona : |b Centre UNESCO de Catalunya : |b Edicions la Magrana, |c 1987 | ||
| 300 | |a 203 p. ; |c 21 cm | ||
| 650 | |a Nacions Unides | ||
| 700 | |a Cots Webermann, Helena, tr. |9 27500 | ||
| 710 | 2 | |a Centre Unesco de Catalunya |9 52951 | |
| 901 | |a Arxiu | ||
| 942 | |n 1 | ||
| 952 | |0 0 |1 0 |4 0 |6 M3285 |7 1 |9 44414 |a Arxiu |b Arxiu |d 2016-12-01 |l 0 |o M-3-285 |p 6663 |r 2016-12-01 00:00:00 |w 2016-12-01 |y ARXIU | ||
| 999 | |c 46995 |d 46995 | ||